ბათუმის შოთა რუსთაველის სახელმწიფო უნივერსიტეტის ბიბლიოთეკა

Избранные лекции по геронтологии (ბიბ.ჩანაწერი № 35256)

000 -LEADER
fixed length control field 00799nam a2200241Ia 4500
001 - CONTROL NUMBER
control field 1105
003 - CONTROL NUMBER IDENTIFIER
control field GE_BSU
008 - FIXED-LENGTH DATA ELEMENTS--GENERAL INFORMATION
fixed length control field 181216s||||||||xx |||||||||||||| ||und||
020 ## - INTERNATIONAL STANDARD BOOK NUMBER
International Standard Book Number 9785938788541
040 ## - CATALOGING SOURCE
Transcribing agency GE_BSU
080 ## - UNIVERSAL DECIMAL CLASSIFICATION NUMBER
Universal Decimal Classification number 612(075.8)
100 ## - MAIN ENTRY--PERSONAL NAME
Personal name Хавинсон,В.Х.,Коновалов,С.С.
245 ## - TITLE STATEMENT
Title Избранные лекции по геронтологии
245 ## - TITLE STATEMENT
Remainder of title Уч-к для студ. и системы послевузовского профессионального образования врачей
260 ## - PUBLICATION, DISTRIBUTION, ETC.
Place of publication, distribution, etc. СПБ
260 ## - PUBLICATION, DISTRIBUTION, ETC.
Name of publisher, distributor, etc. Прайм-Еврознак
260 ## - PUBLICATION, DISTRIBUTION, ETC.
Date of publication, distribution, etc. 2009
300 ## - PHYSICAL DESCRIPTION
Extent 896
653 ## - INDEX TERM--UNCONTROLLED
Uncontrolled term Геронтология
653 ## - INDEX TERM--UNCONTROLLED
Uncontrolled term Избранные лекции по геронтологии
942 ## - ADDED ENTRY ELEMENTS (KOHA)
Koha item type წიგნი
ეგზემპლარები
Withdrawn status Lost status Damaged status Not for loan Date acquired Barcode Date last seen Price effective from Koha item type Public note
        2018-12-17 2459 2018-12-17 2018-12-17 წიგნი დარბაზი